| 000 | 00453nam a2200193Ia 4500 | ||
|---|---|---|---|
| 005 | 20240823032108.0 | ||
| 008 | 240823s9999||||xx |||||||||||||| ||und|| | ||
| 020 | _a978-81-8201-143-4 | ||
| 041 | _aENGLISH | ||
| 082 | _A153.8 Q1 | ||
| 100 | _aRamachandran K | ||
| 245 | 0 | _aMoontram Kai Enum Nambikkai | |
| 250 | _a1st | ||
| 260 |
_c2011 _b"Narmata,Chennai" |
||
| 500 | _aYES | ||
| 650 |
_aTamil Book _bGeneral |
||
| 942 | _cBK | ||
| 999 |
_c192631 _d192631 |
||